Statistics for Job Titles Quiz #3

Click here to take the quiz!

General Stats

  • This quiz has been taken 13,857 times
  • The average score is 12 of 20

Answer Stats

People Occupation % Correct
John Paul II, Francis, Urban IIPope
99%
Elizabeth, Isabella, VictoriaQueen
98%
The Rock, Hulk Hogan, John CenaWrestler
89%
Danica Patrick, Ayrton Senna, Lewis HamiltonRace Car Driver
85%
Socrates, Confucius, Friedrich NietzschePhilosopher
81%
Florence Nightingale, Clara Barton, Margaret SangerNurse
73%
Douglas MacArthur, Hannibal, Robert E. LeeGeneral
73%
Garry Kasparov, Bobby Fischer, Jose CapablancaChess Player
66%
Ginger Rogers, Josephine Baker, Mikhail BaryshnikovDancer
64%
Ernest Shackleton, David Livingstone, Abel TasmanExplorer
62%
Edmund Hillary, Alex Honnold, Chris SharmaClimber
57%
John Bonham, Buddy Rich, Keith MoonDrummer
53%
Carl Friedrich Gauss, Leonhard Euler, EuclidMathematician
49%
Adam Smith, Friedrich Hayek, John Maynard KeynesEconomist
48%
Nathan Hale, Mata Hari, Julius RosenbergSpy
46%
Jacob Riis, Ansel Adams, Annie LiebovitzPhotographer
42%
Lord Palmerston, Pitt the Elder, Robert WalpolePrime Minister
40%
John Motson, Joe Buck, Don CherrySports Commentator
36%
Shirley Temple Black, Ben Franklin, Nevile HendersonAmbassador
33%
Annie Duke, Phil Ivey, Phil HellmuthPoker Player
18%

Score Distribution

Percentile by Number Answered

Percent of People with Each Score

Your Score History

You have not taken this quiz